Integrace a dezintegrace : sborník z mezinárodní vědecké konference k 15. výročí rozdělení Československa : [8.12.2007 v Kolíně] /

Další autoři: Integrace a dezintegrace, Hirtlová, Petra, 1978-, Srb, Vladimír, 1974-
Jazyk: Slovenština
Čeština
Vydáno: Kolín : Nezávislé centrum pro studium politiky, Academia Rerum Civilium - Vysoká škola politických a společenských věd, 2007
Vydání: Vyd. 1.
Edice: Knihovnicka.cz
Témata:
Fyzický popis: 86 s. : il. ; 21 cm
Language note: Část. slovenský text
Knihy
Uloženo v:
LEADER 03070nam a2200697 a 4500
001 nkc20081808485
003 CZ PrNK
005 20080910131104.0
007 ta
008 080620s2007 xr a e 100 0 cze
015 |a cnb001808485 
020 |a 978-80-86879-13-0  |q (brož.)  |z 80-86879-13-5 :  |c Kč 100,00 
035 |a (OCoLC)244815059 
040 |a ABA001  |b cze 
041 0 |a cze  |a slo 
043 |a e-cs---  |a e-xr---  |a e-xo--- 
045 |a x9y0 
072 7 |a 94(437)  |x Dějiny Česka a Slovenska  |2 Konspekt  |9 8 
080 |a 94(437)"1992"  |2 MRF 
080 |a 321.01  |2 MRF 
080 |a 328/329  |2 MRF 
080 |a 338  |2 MRF 
080 |a (437.3)  |2 MRF 
080 |a (437.6)  |2 MRF 
080 |a (062.534)  |2 MRF 
111 2 |a Integrace a dezintegrace  |d (2007 :  |c Kolín, Česko)  |7 kn20080630020 
245 1 0 |a Integrace a dezintegrace :  |b sborník z mezinárodní vědecké konference k 15. výročí rozdělení Československa : [8.12.2007 v Kolíně] /  |c Petra Hirtlová, Vladimír Srb (eds.) 
250 |a Vyd. 1. 
260 |a Kolín :  |b Nezávislé centrum pro studium politiky, Academia Rerum Civilium - Vysoká škola politických a společenských věd,  |c 2007 
300 |a 86 s. :  |b il. ;  |c 21 cm 
490 1 |a Knihovnicka.cz 
490 1 |a Sborníky 
500 |a "První svazek projektu ARC-VŠPSV Kolín - VŠEMVS Bratislava "Politický a ekonomický vývoj v České republice a ve Slovenské republice po roce 1993"" 
504 |a Obsahuje bibliografie a bibliografické odkazy 
546 |a Část. slovenský text 
648 4 |a 1992-2006 
650 0 7 |a rozdělení Československa (1992)  |7 ph120842  |2 czenas 
650 0 7 |a politické rozhodování  |7 ph124251  |z Československo  |2 czenas 
650 0 9 |a Czechoslovakia, partition of state, 1992  |2 eczenas 
650 0 9 |a decision making in politics  |z Czechoslovakia  |2 eczenas 
655 7 |a sborníky konferencí  |7 fd133333  |2 czenas 
655 9 |a proceedings of conferences  |2 eczenas 
651 7 |a Slovensko  |7 ge128580  |x hospodářské poměry  |y 1993-  |2 czenas 
651 7 |a Slovensko  |7 ge128580  |x politika a vláda  |y 1993-  |2 czenas 
651 7 |a Česko  |7 ge128065  |x hospodářské poměry  |y 1993-  |2 czenas 
651 7 |a Česko  |7 ge128065  |x politika a vláda  |y 1993-  |2 czenas 
651 7 |a Československo  |7 ge131689  |x dějiny  |y 1992  |2 czenas 
651 9 |a Czechia  |x economic conditions  |y 1993-  |2 eczenas 
651 9 |a Czechia  |x politics and government  |y 1993-  |2 eczenas 
651 9 |a Czechoslovakia  |x history  |y 1992  |2 eczenas 
651 9 |a Slovakia  |x economic conditions  |y 1993-  |2 eczenas 
651 9 |a Slovakia  |x politics and government  |y 1993-  |2 eczenas 
700 1 |a Hirtlová, Petra,  |d 1978-  |7 mzk2006342960  |4 edt 
700 1 |a Srb, Vladimír,  |d 1974-  |7 js20040426007  |4 edt 
810 2 |a Academia Rerum Civilium - Vysoká škola politických a společenských věd.  |t Sborníky  |0 s 
830 0 |a Knihovnicka.cz  |0 s 
910 2 |a BOA001  |b 2-1207.307 
990 |a BK 
995 |a 01 
991 |b 200806  |c NOV 
996 6 |b 2610346558  |c 2-1207.307  |l MZK  |r Sklad / do 1 hodiny  |n 1  |p p.v.  |w 001065885  |u 000010  |a 1  |e BOA001  |j MZK50  |s P